000 00537nam a2200181Ia 4500
003 GCL
008 140319s9999 xx 000 0 ara d
040 _aGCL /
_cGCL
082 0 4 _a257
_bف ت
100 1 _aفتحية النبراوى
245 1 0 _aتاريخ النظم والحضارة الاسلامية /
_cفتحية النبراوى
300 _a301
490 _a
650 0 4 _aالحضارة الاسلامية
650 0 4 _aنظام الحكم
650 0 4 _aالاسلام - النظام السياسى
942 _2ddc
_cBK
999 _c46064
_d46064